| 000 | 00442nam a2200181Ia 4500 | ||
|---|---|---|---|
| 001 | 24680 | ||
| 005 | 20260414151059.0 | ||
| 008 | 260414t2011||||xx |||||||||||||| ||spa|| | ||
| 041 | _aESP | ||
| 082 |
_a345.721 _bR53 |
||
| 100 |
_aGonzález, Manuel Richard (coord.) _eAUT |
||
| 245 | 0 |
_aEstudios sobre arbitraje de consumo _b |
|
| 260 | _c2011 | ||
| 300 |
_a608 p _c24 cm. |
||
| 650 | _aDER | ||
| 654 | _aCDE | ||
| 942 |
_cLIB _dJUS _fJUS _2ddc _n |
||
| 999 |
_c24680 _d24680 |
||